Family Guy vs The Simpsons Quiz Stats

 Plays Quiz not verified by Sporcle

Score 0/20 Timer 05:00
0 Plays Today
% Correct
Homer Simpson
97.4%
Bart Simpson
97%
Peter Griffin
97%
Marge Simpson
96.2%
Lisa Simpson
95.7%
Stewie Griffin
95.3%
Brian Griffin
95.3%
Maggie Simpson
94.9%
Meg Griffin
94%
Lois Griffin
93.2%
% Correct
Chris Griffin
91%
Springfield
90.6%
Mayor Adam West
88.9%
Santa's Little Helper, Snowball I, II, III...
88.5%
Moe Szyslak
87.2%
Quahog
82.5%
Mayor Joe Quimby
75.2%
Dr. Julius Hibbert
67.5%
Horace
59%
Dr. Elmer Hartman
53.8%

You're not logged in!

Compare scores with friends on all Sporcle quizzes.
OR
Log In

Sporcle TV

Today on Sporcle TV


Watch our educational content, quiz creation guides, and fun videos on Sporcle TV.

Show Comments

Extras

Top Quizzes Today


Score Distribution

Your Account Isn't Verified!

In order to create a playlist on Sporcle, you need to verify the email address you used during registration. Go to your Sporcle Settings to finish the process.

Report this User

Report this user for behavior that violates our Community Guidelines.

Details: